000 00302nam a22001337a 4500
008 170616b xxu||||| |||| 00| 0 eng d
020 _a0815714092
041 _aeng
080 _a32
100 _a20
101 _aSHP
245 _aPOLITICS MARKETS & AMERICA'S SCHOOLS
_cCHUBB,J.E
942 _2udc
_cBK
999 _c17907
_d17907